000 00742nam a22001937a 4500
005 20240614111718.0
010 _aENG-140605
020 _c375.00
_a9789354498473
035 _aEN-124137
037 _bDBAD
082 _a540
_210
245 _aPearson IIT Foundation Chemistry 2022/
_bBy Robert Johnston...[et.al]
250 _a10
260 _aNoida
_bPearson India Education Pvt Ltd
_c2022
270 _a1st Floor, Berger Tower, Plot No. C-001/2, Sector 16B
_bNoida
_e201301
_mcompanysecretary.india@pearson.com
300 _avp.
_c28cm(pbk)
_bIndex
500 _aA Pathway to Crack JEE Useful for NTSE and Other Olympiad Exams Revised as per the CBSE and NCERT Curriculum Guidelines
942 _2ddc
_cEN
_h540
_mPEA
_e10
999 _c203599
_d203599